<?xml version="1.0" encoding="UTF-8"?>
<collection xmlns="http://www.loc.gov/MARC21/slim">
    <record>
        <controlfield tag="001">67054</controlfield>
        <controlfield tag="005">20180223094752.0</controlfield>
        <datafield tag="037" ind1=" " ind2=" ">
            <subfield code="a">GDOC-2016-27910</subfield>
        </datafield>
        <datafield tag="041" ind1=" " ind2=" ">
            <subfield code="a">spa</subfield>
        </datafield>
        <datafield tag="100" ind1=" " ind2=" ">
            <subfield code="0">(orcid)0000-0002-2327-4632</subfield>
            <subfield code="1">115618</subfield>
            <subfield code="a">Saldaña Sagredo, Alfredo</subfield>
        </datafield>
        <datafield tag="245" ind1="0" ind2="0">
            <subfield code="9">27910</subfield>
            <subfield code="a">Teoría de la literatura</subfield>
        </datafield>
        <datafield tag="260" ind1=" " ind2=" ">
            <subfield code="a">Zaragoza</subfield>
            <subfield code="b">Universidad de Zaragoza</subfield>
            <subfield code="c">2016-2017</subfield>
        </datafield>
        <datafield tag="520" ind1=" " ind2=" ">
            <subfield code="a">Con esta asignatura se pretende situar el lugar que ocupa la teoría de la literatura en los estudios literarios. De paso, analizar sus relaciones con la construcción del canon literario. Asimismo, se ocupa de cuestiones relacionadas con la evolución del pensamiento literario, la cultura popular y la cultura de masas.</subfield>
            <subfield code="b"> </subfield>
        </datafield>
        <datafield tag="521" ind1=" " ind2=" ">
            <subfield code="9">119</subfield>
            <subfield code="a">Estudios Clásicos</subfield>
        </datafield>
        <datafield tag="540" ind1=" " ind2=" ">
            <subfield code="a">by-nc-sa</subfield>
            <subfield code="b">Creative Commons</subfield>
            <subfield code="c">3.0</subfield>
            <subfield code="u">http://creativecommons.org/licenses/by-nc-sa/3.0/</subfield>
        </datafield>
        <datafield tag="700" ind1=" " ind2=" ">
            <subfield code="0">(orcid)0000-0002-0761-2865</subfield>
            <subfield code="1">124623</subfield>
            <subfield code="a">Pueo Domínguez, Juan Carlos</subfield>
        </datafield>
        <datafield tag="830" ind1=" " ind2=" ">
            <subfield code="9">426</subfield>
        </datafield>
        <datafield tag="856" ind1="4" ind2=" ">
            <subfield code="s">13533</subfield>
            <subfield code="u">http://zaguan.unizar.es/record/67054/files/guia-27910-es.pdf</subfield>
            <subfield code="y">Guía (idioma español)</subfield>
        </datafield>
        <datafield tag="856" ind1="4" ind2=" ">
            <subfield code="s">8960</subfield>
            <subfield code="u">http://zaguan.unizar.es/record/67054/files/guia-27910-en.pdf</subfield>
            <subfield code="y">Guide (english)</subfield>
        </datafield>
        <datafield tag="970" ind1=" " ind2=" ">
            <subfield code="a">GDOC-2016-27910</subfield>
        </datafield>
        <datafield tag="980" ind1=" " ind2=" ">
            <subfield code="a">GDOC</subfield>
            <subfield code="b">Artes y humanidades</subfield>
            <subfield code="c">103</subfield>
        </datafield>
    </record>

    
</collection>